<?xml version="1.0" encoding="UTF-8"?>
<collection xmlns="http://www.loc.gov/MARC21/slim">
  <record>
    <leader>00000nam  2200000   4500</leader>
    <controlfield tag="001">INLIS000000000020442</controlfield>
    <controlfield tag="005">20250623022328</controlfield>
    <datafield tag="035" ind1="#" ind2="#">
      <subfield code="a">0010-0625000184</subfield>
    </datafield>
    <controlfield tag="007">ta</controlfield>
    <controlfield tag="008">250623################|##########|#|##</controlfield>
    <datafield tag="084" ind1="#" ind2="#">
      <subfield code="a">R 131 PKN II 2023</subfield>
    </datafield>
    <datafield tag="100" ind1=" " ind2="#">
      <subfield code="a">Nanang Subandi</subfield>
    </datafield>
    <datafield tag="245" ind1="1" ind2="#">
      <subfield code="a">Skema SBSN (Surat Berharga Syariah Negara) Sebagai Alternatif Pembiayaan Infrastruktur Kantor Pelayanan Kepegawaian (UPT) BKN /</subfield>
      <subfield code="c">Nanang Subandi</subfield>
    </datafield>
    <datafield tag="260" ind1="#" ind2="#">
      <subfield code="a">Jakarta :</subfield>
      <subfield code="b">Pusbangkom Pimnas dan Manajerial ASN,</subfield>
      <subfield code="c">2023</subfield>
    </datafield>
    <datafield tag="300" ind1="#" ind2="#">
      <subfield code="a">110 hlm. ;</subfield>
      <subfield code="c">30 cm</subfield>
    </datafield>
    <datafield tag="650" ind1="#" ind2="4">
      <subfield code="a">Surat Berharga Syariah Negara</subfield>
    </datafield>
    <datafield tag="520" ind1="#" ind2="#">
      <subfield code="a">Isu strategis terkait kondisi pelayanan UPT saat ini adalah pelayanan kepada stakeholder dan masyarakat adalah minimnya fasilitas dan standar pelayanan, khusus pelayanan proses seleksi ASN dan penilaian kompetensi serta pendekatan layanan dasar kepegawaian dengan keterbatasan sarana dan prasarana pendukung serta keterbatasan pengembangan UPT sebagai lini terdepan dalam pelayanan kepegawaian, hal ini disebaban belum terbangunnya gedung UPT sesuai standar yang ditentukan. Proper ini mengakselerasi pembangunan UPT menggunakan skema SBSN sebagai alternatif pembiayaan pembangunan dengan memprioritaskan lokasi yang telah lama dihibahkan dan lahan yang telah siap bangun antara lain UPT Mataram dan Gorontalo.</subfield>
    </datafield>
    <datafield tag="990" ind1="#" ind2="#">
      <subfield code="a">2407131</subfield>
    </datafield>
  </record>
</collection>
